000 00744cim a2200253 a 4500
001 5667276
003 BD-DhUL
005 20170424111316.0
008 920626s1963 caunnn h eng
010 _a 92788603
028 0 2 _a2791
_bBooks on Tape
040 _aDLC
_cDLC
_dDLC
_dBD-DhUL
043 _an-us---
050 0 0 _aRZA 1960-1962, 2745
082 _a973.7
_bFOC
100 1 _aFoote, Shelby.
245 1 4 _aThe Civil War :
_ba narrative /
_cShelby Foote.
260 _aNew York :
_bRandom house,
_c1963.
300 _a988 p. ;
_c24 cm.
505 1 _a Fredericksburg to Meridian -- Red River to Appomattox.
511 0 _aRead by Dick Estelle.
651 0 _aUnited States
_xHistory
_yCivil War, 1861-1865.
942 _2ddc
_cBK
999 _c192391
_d192391